| 000 | 00429nam a2200169Ia 4500 | ||
|---|---|---|---|
| 003 | GCL | ||
| 008 | 140319s9999 xx 000 0 eng d | ||
| 040 |
_aGCL / _cGCL |
||
| 082 | 0 | 4 |
_a192 _bS J |
| 100 | 1 | _aSKORUPSKI, JOHN | |
| 245 | 1 | 0 |
_aJOHN STUART MILL / _cSKORUPSKI, JOHN |
| 260 |
_a[S.N] : _bROUTLEDGE ، _c1989 |
||
| 300 | _a431 P | ||
| 650 | 0 | 4 | _aPHILOSOPHY |
| 650 | 0 | 4 | _aMILL, JOHN STUART - 1806 - 1873 |
| 942 |
_2ddc _cBK |
||
| 999 |
_c20946 _d20946 |
||